Sports Quiz

Random Sports or Basketball Quiz

NBA Scoring by Letter Quiz Stats

 Plays Quiz Updated Jun 17, 2019

Score 0/25 Timer 06:00
1 Play Today
Letter Player % Correct
J*LeBron James
91.2%
BKobe Bryant
87.8%
AKareem Abdul-Jabbar
81.3%
MKarl Malone
73.7%
CWilt Chamberlain
70.2%
OShaquille O'Neal
68.3%
IAllen Iverson
61.8%
NDirk Nowitzki
47.6%
ROscar Robertson
40.6%
Y*Thaddeus Young
33.6%
PPaul Pierce
31.3%
WDominique Wilkins
29.8%
DTim Duncan
28.8%
Letter Player % Correct
SJohn Stockton
27.4%
GKevin Garnett
21.9%
EAlex English
21.4%
HElvin Hayes
21.1%
UWes Unseld
17.3%
QChris Quinn
17%
KBernard King
14.1%
LBob Lanier
7.1%
FWorld B. Free
6.2%
VKiki Vandeweghe
5.4%
TReggie Theus
2.6%
ZMax Zaslofsky
1.3%

You're not logged in!

Compare scores with friends on all Sporcle quizzes.
OR
Log In

Sporcle TV

Today on Sporcle TV


Watch our educational content, quiz creation guides, and fun videos on Sporcle TV.

Show Comments

Extras

Top Quizzes Today


Score Distribution

Your Account Isn't Verified!

In order to create a playlist on Sporcle, you need to verify the email address you used during registration. Go to your Sporcle Settings to finish the process.

Report this User

Report this user for behavior that violates our Community Guidelines.

Details: